Eurovision (2010-2025) guess the country from the song title - Statistics

General Stats
  • This quiz has been taken 97 times
  • The average score is 22 of 32
Answer Stats
Song title Country % Correct
Rise Like a Phoenix Austria
97%
Zitti e buoni Italy
91%
Rim Tim Tagi Dim Croatia
87%
Fuego Cyprus
87%
Cha Cha Cha Finland
87%
Europapa Netherlands
85%
Laika Party Ireland
83%
Kiss Kiss Goodbye Czech Republic
79%
Survivor Armenia
77%
1944 Ukraine
77%
Due vite Italy
73%
Blood & Glitter Germany
72%
Luktelk Lithuania
72%
Je me casse Malta
72%
L'Enfer et moi France
71%
The Tower Poland
71%
Llámame Romania
68%
A Million Voices Russia
68%
Embers United Kingdom
68%
Øve os på hinanden Denmark
67%
Eat Your Salad Latvia
67%
Hey Mamma Moldova
63%
Lipstick Ireland
61%
Too Late for Love Sweden
57%
Fade to Black Azerbaijan
52%
You Let Me Walk Alone Germany
52%
A Monster Like Me Norway
51%
Nije ljubav stvar Serbia
48%
Az én apám Hungary
47%
Há dias assim Portugal
44%
Hope Never Dies Czech Republic
33%
Rusinka North Macedonia
32%
No matching quizzes found
Score Distribution
Percent of People with Each Score
Percentile by Number Answered
Your Score History
You have not taken this quiz